Statistiques concernant La compagnie des héros de Naheulbeuk

Cliquez ici pour prendre le quiz!

Statistiques générales

  • Ce quiz a été pris 76 fois
  • Le résultat moyen est 8 sur 9

Statistiques - réponses

Permanents% Correct
Le Nain
100%
La Magicienne
97%
L'Elfe
97%
Le Barbare
92%
Le Voleur
92%
L'Ogre
88%
Le Ranger
77%
Le Ménestrel
68%
Le Paladin de Dlul
68%

Distribution des résultats

Percentile par nombre de réponses

% des personnes avec chaque résultat

Votre développement - résultats

Vous n’avez pas pris ce quiz